Monetary and Exchange System Reforms in China : An Experiment in Gradualism /

In 1978, China embarked on a gradual but far-reaching reform of its economic system. This paper focuses on the achievements so far in reforming the financial sector, the legal framework for financial transactions, the payments system, and the monetary policy and foreign exchange system. It also anal...

وصف كامل

التفاصيل البيبلوغرافية
المؤلف الرئيسي: Quintyn, Marc
مؤلفون آخرون: Laurens, Bernard, Mehran, Hassanali, Nordman, Tom
التنسيق: دورية
اللغة:English
منشور في: Washington, D.C. : International Monetary Fund, 1996.
سلاسل:Occasional Papers; Occasional Paper ; No. 1996/006
الوصول للمادة أونلاين:Full text available on IMF
LEADER 01598cas a2200277 a 4500
001 AALejournalIMF015688
008 230101c9999 xx r poo 0 0eng d
020 |c 15.00 USD 
020 |z 9781557755629 
022 |a 0251-6365 
040 |a BD-DhAAL  |c BD-DhAAL 
100 1 |a Quintyn, Marc. 
245 1 0 |a Monetary and Exchange System Reforms in China :   |b An Experiment in Gradualism /  |c Marc Quintyn, Bernard Laurens, Hassanali Mehran, Tom Nordman. 
264 1 |a Washington, D.C. :  |b International Monetary Fund,  |c 1996. 
300 |a 1 online resource (100 pages) 
490 1 |a Occasional Papers 
500 |a <strong>Off-Campus Access:</strong> No User ID or Password Required 
500 |a <strong>On-Campus Access:</strong> No User ID or Password Required 
506 |a Electronic access restricted to authorized BRAC University faculty, staff and students 
520 3 |a In 1978, China embarked on a gradual but far-reaching reform of its economic system. This paper focuses on the achievements so far in reforming the financial sector, the legal framework for financial transactions, the payments system, and the monetary policy and foreign exchange system. It also analyzes the tasks ahead to achieve the goals set in these areas for the year 2000. 
538 |a Mode of access: Internet 
700 1 |a Laurens, Bernard. 
700 1 |a Mehran, Hassanali. 
700 1 |a Nordman, Tom. 
830 0 |a Occasional Papers; Occasional Paper ;  |v No. 1996/006 
856 4 0 |z Full text available on IMF  |u http://elibrary.imf.org/view/books/084/04674-9781557755629-en/04674-9781557755629-en-book.xml  |z IMF e-Library